| 000 | 01107nmc a2200385 a 4500 | ||
|---|---|---|---|
| 003 | AR-BaBNM | ||
| 005 | 20251128204243.0 | ||
| 008 | 136019s1994 ||||||||||||||000 | spa|| | ||
| 040 | _cAR-BaBNM | ||
| 100 | 1 | _aDiamant, Ana | |
| 245 | 1 | 0 |
_aManuel Sadosky _bmaestro, científico, político y humanista |
| 260 |
_aBuenos Aires _bUniversidad de Buenos Aires _c1994 |
||
| 300 |
_a127 p. _bil. |
||
| 490 | 0 | _aTestimonios para la experiencia de enseñar | |
| 500 | _aPresentación de Paco Poblet | ||
| 650 | 4 | _aHISTORIA DE LA EDUCACION | |
| 650 | 4 | _aHISTORIA CULTURAL | |
| 650 | 4 | _aSIGLO VEINTE | |
| 650 | 4 | _aHISTORIA POLITICA | |
| 650 | 4 | _aDEMOCRATIZACION DE LA EDUCACION | |
| 650 | 4 | _aCRONOLOGIA | |
| 650 | 4 | _aDOCENCIA | |
| 650 | 4 | _aROL DEL DOCENTE | |
| 650 | 4 | _aBIOGRAFIAS | |
| 650 | 4 | _aSOCIALISMO | |
| 651 | 4 | _aArgentina | |
| 653 | _aMEMORIAS | ||
| 655 | _aBIOGRAFIAS | ||
| 700 | 1 | _aCahn, Susana | |
| 700 | 1 |
_aSlapak, Sara _eprologuista |
|
| 710 | 2 |
_aUniversidad de Buenos Aires _bFacultad de Psicología |
|
| 800 | 1 |
_aDiamant, Ana _edirector |
|
| 942 | _cBK | ||
| 998 | _cEnrique | ||
| 999 |
_c6726 _d6726 |
||